| 000 | 00835nam a22002897a 4500 | ||
|---|---|---|---|
| 001 | 8280 | ||
| 003 | FISKH | ||
| 005 | 20250908115034.0 | ||
| 008 | 250908b cb ||||| |||| 00| 0 eng d | ||
| 020 | _a059045031X | ||
| 040 |
_aFISKH _beng _cFISKH _dFISKH |
||
| 050 | _aPZ7.J857 G | ||
| 082 | _a813.54 | ||
| 100 | _aJoyce, William | ||
| 245 |
_aGeorge shrinks / _cBy William Joyce |
||
| 250 | _aFirst Scholastic printing, October 1991 | ||
| 260 |
_aNew York : _bScholastic , _c1985. |
||
| 300 |
_a40 unnumbered pages : _bcolor illustrations ; _c17 x 22 cm . |
||
| 505 | _aJ | ||
| 521 | 8 |
_a490
_bLexile AD |
|
| 521 | 8 |
_aJ
_bRaz-Plus |
|
| 650 |
_aImagination _vChildren's Books |
||
| 650 |
_aReading Rainbow _vChildren's Books |
||
| 700 |
_aJoyce, Wiliam _eIllustrator |
||
| 942 |
_2ddc _cBK _n0 |
||
| 999 |
_c8280 _d8280 |
||